| 000 | 00694nam a22001937a 4500 | ||
|---|---|---|---|
| 005 | 20241129161238.0 | ||
| 010 | _aHIN-128831 | ||
| 020 |
_c195.00 _a9788190317756 |
||
| 035 | _aHN-101177 | ||
| 037 | _bDBAD | ||
| 082 | _a158.1 | ||
| 100 |
_aमार्डेन, स्वेट _974442 |
||
| 245 |
_aअवसर बीता जाये/ _cस्वेट मार्डेन |
||
| 250 | _aप्रथम | ||
| 260 |
_aहरियाणा _bबेटर बुक्स _c2021 |
||
| 270 |
_a# 1471 - सेक्टर 15 _bहरियाणा |
||
| 300 |
_a92 पृ. _c22 सेमी (सजिल्द) |
||
| 942 |
_2ddc _cHN _h158.1 _mमार्डेन |
||
| 999 |
_c207085 _d207085 |
||